Blake house
Guardat en:
| Autor principal: | |
|---|---|
| Format: | Llibre |
| Idioma: | anglès |
| Publicat: |
Pocket Books,
1990
|
| Etiquetes: |
Afegir etiqueta
Sense etiquetes, Sigues el primer a etiquetar aquest registre!
|
MARC
| LEADER | 00000nam a22000007a 4500 | ||
|---|---|---|---|
| 008 | 210506b ||||| |||| 00| 0 eng d | ||
| 020 | |a 0-671-67250-9 | ||
| 100 | |a SAVAGE, Adrian | ||
| 245 | |a Blake house |c Adrian Savage |g viii, 254p. | ||
| 260 | |b Pocket Books, |c 1990 |h New York |i 689255 |l PN6099.6 .Sa9 |m Poetry – Collections | ||
| 942 | |a lcc |c BK |e Adekanye, I. H. |f 06/05/2021 | ||
| 952 | |0 0 |1 0 |2 lcc |4 0 |6 PN60996 S A9 |7 0 |9 2395 |a HOL |b HOL |c LP |d 2021-05-06 |l 0 |o PN6099.6 .Sa9 |p 2021-6246 |r 2021-05-06 00:00:00 |w 2021-05-06 |y BK | ||
| 999 | |c 1241 |d 1241 | ||